UM Logo

Music Teaching Method and Physical Skills of MAPE Majors in University of Mindanao Digos College/ (Record no. 7357)

MARC details
000 -LEADER
fixed length control field 00636nam a22001577a 4500
008 - FIXED-LENGTH DATA ELEMENTS--GENERAL INFORMATION
fixed length control field 170819b xxu||||| |||| 00| 0 eng d
082 ## - DEWEY DECIMAL CLASSIFICATION NUMBER
Edition number 2017
Classification number UT 0876
Item number H43
100 ## - MAIN ENTRY--PERSONAL NAME
9 (RLIN) 22373
Personal name Hernandez, Yza Candize C.
245 ## - TITLE STATEMENT
Title Music Teaching Method and Physical Skills of MAPE Majors in University of Mindanao Digos College/
Statement of responsibility, etc. Yza Candize C. Hernandez, Quennie G. Dela Pena and Mark Vincent Monreal.
260 ## - PUBLICATION, DISTRIBUTION, ETC. (IMPRINT)
Place of publication, distribution, etc. Digos City:
Name of publisher, distributor, etc. UMDC
Date of publication, distribution, etc. March 2017.
300 ## - PHYSICAL DESCRIPTION
Extent 58 pages;
Dimensions 29 cm.
650 #0 - SUBJECT ADDED ENTRY--TOPICAL TERM
9 (RLIN) 22374
Topical term or geographic name as entry element Education
Form subdivision MAPEH
General subdivision Undergraduate thesis.
700 ## - ADDED ENTRY--PERSONAL NAME
9 (RLIN) 22375
Personal name Dela Pena, Quennie G.
700 ## - ADDED ENTRY--PERSONAL NAME
9 (RLIN) 22376
Personal name Monreal, Mark Vincent
942 ## - ADDED ENTRY ELEMENTS (KOHA)
Source of classification or shelving scheme Dewey Decimal Classification
Koha item type Undergraduate Thesis
Holdings
Withdrawn status Lost status Source of classification or shelving scheme Damaged status Not for loan Collection code Home library Current library Date acquired Total Checkouts Full call number Barcode Date last seen Copy number Price effective from Koha item type
    Dewey Decimal Classification     Undergraduate Theses UM Digos College - LIC UM Digos College - LIC 06/20/2017   UT 0876 H43 UT0876 08/19/2017 1 08/19/2017 Undergraduate Thesis